00291nam a2200109Ia 4500008004000000082001300040100002100053245003800074260004900112300000800161650001200169210210b1978 xxu||||| |||| 00| 0 eng d a951 PALH aPALAFOX (Senor). aHistory of the conquest of China. aNew Delhi.bDeep & Deep Publications.,c1978 a272 aChina